000 00686nam a22002537a 4500
003 UA-OsUOA
001 24971
007 ta
008 20040305b un ||||| |||| 00| 0 ukr d
100 _aДубовий О.П.
090 _a343.98
_bД14
942 _cBK
040 _aUA-OsUOA
_bukr
_cUA-OsUOA
_dUA-OsUOA
245 _aКриміналістичне дослідження слідів рук
_bНауково-практичний посібник
300 _a152 с.
_bІлюстрації
955 _a0
041 _aukr
080 _a343.98
020 _a966-7714-05-5
260 _aКиїв
_bАтіка
_c2000
044 _aUA
650 7 _2UDC
999 _c311257
_d311257